| 000 | 00979nam a22002897a 4500 | ||
|---|---|---|---|
| 001 | 5548 | ||
| 003 | FISKH | ||
| 005 | 20241217122939.0 | ||
| 008 | 241217b cb ||||| |||| 00| 0 eng d | ||
| 020 | _a9781526611376 | ||
| 040 |
_aFISKH _beng _cFISKH _dFISKH |
||
| 050 | _aBL820.M6 | ||
| 082 | _a292.211 | ||
| 100 | _aGreenberg, Imogen | ||
| 245 |
_aAthena : _bthe story of a goddess / _cImogen and Isabel Greenberg |
||
| 260 |
_aLondon : _bBloombury Children's Books ; _c2018. |
||
| 300 |
_a62 pages : _bcolor illustrations ; _c31 cm . |
||
| 490 | _aTales of great goddesses | ||
| 505 | _aS | ||
| 520 | _aA fun, feminist take on the myth of Athena follows the adventures of the goddess of wisdom, war, and courage as she helps both gods and mortals alike. | ||
| 521 | 8 |
_a800
_bLexile estimate |
|
| 521 | 8 |
_aS
_bRaz-Plus |
|
| 650 |
_agods-goddesses _vNon-fiction |
||
| 700 |
_aGreenberg, Isabel _eillustrator |
||
| 942 |
_2ddc _cBK _n0 |
||
| 999 |
_c5548 _d5548 |
||